| 000 | 01180nam a22002537a 4500 | ||
|---|---|---|---|
| 005 | 20100603112542.0 | ||
| 008 | 100603t xxu||||| |||| 00| 0 hin d | ||
| 010 | _aHIN-89484 | ||
| 020 |
_c250.00 _a9788190571463 |
||
| 035 | _aHN-61830 | ||
| 037 | _bDBAD / PUB | ||
| 040 |
_aDPL _bHN |
||
| 082 | _aक | ||
| 245 |
_aशरलॉक होम्स की सर्वश्रेष्ठ कहानियाँ / _cश्यामलाल द्वारा संपादित |
||
| 246 |
_aSharlok homes ki sarvshreshth Kahaniyaan _bEd by Shyamlal |
||
| 260 |
_aदिल्ली _bदेव पुस्तक मंदिर _c2009 |
||
| 270 |
_aएल-5/45, शिवाजी मार्ग, करतार नगर _bदिल्ली _e110053 |
||
| 300 |
_a198पृ _c22सेमी (सजिल्द) |
||
| 650 |
_aलघु कथाएँ, हिन्दी _91169 |
||
| 650 |
_ashort stories, hindi _918410 |
||
| 700 |
_aश्यामलाल _918411 |
||
| 942 |
_2ddc _cHN _mशरलॉ _hक |
||
| 999 |
_c36546 _d36546 |
||